LEADER 01038cam0-22003011i-450- 001 990005927920403321 005 20060215112400.0 035 $a000592792 035 $aFED01000592792 035 $a(Aleph)000592792FED01 035 $a000592792 100 $a20000112d1940----km-y0itay50------ba 101 0 $ager 102 $aDE 105 $ay-------001yy 200 1 $aBeschimpfung des Deutschen Volkes, seiner Wahrzeichen und seiner Vergangenheit nach geltendem und kommenden Strafrecht$fvon Max Kunze 210 $aBreslau$cAlfred Kurtze$d1940 215 $aVIII, 62 p.$d24 cm 225 1 $aStrafrechtliche Abhandlungen$hSer. 96$fhrsg. von Aug. Schoetensack$v405 676 $a345$v20$zita 700 1$aKunze,$bMax$0225316 801 0$aIT$bUNINA$gRICA$2UNIMARC 901 $aBK 912 $a990005927920403321 952 $aXII C 478 (405)$b24126$fFGBC 959 $aFGBC 996 $aBeschimpfung des Deutschen Volkes, seiner Wahrzeichen und seiner Vergangenheit nach geltendem und kommenden Strafrecht$9585977 997 $aUNINA LEADER 01137nam 2200337Ia 450 001 996397508403316 005 20200818211134.0 035 $a(CKB)4940000000055488 035 $a(EEBO)2264177482 035 $a(OCoLC)ocm11732954e 035 $a(OCoLC)11732954 035 $a(EXLCZ)994940000000055488 100 $a19850225d1687 uy | 101 0 $aeng 135 $aurbn||||a|bb| 200 02$aA vindication of the Church of England from the foul aspersions of schism and heresie unjustly cast upon her by the Church of Rome$b[electronic resource] 210 $aLondon $cPrinted by J.H. for Luke Meredith$d1687 215 $a2 v. (38, 40 p.) 300 $aReproduction of original in Huntington Library. 330 $aeebo-0113 606 $aSchism 615 0$aSchism. 701 $aAltham$b Michael$f1633-1705.$0821389 801 0$bEAA 801 1$bEAA 801 2$bm/c 801 2$bWaOLN 906 $aBOOK 912 $a996397508403316 996 $aA vindication of the Church of England from the foul aspersions of schism and heresie unjustly cast upon her by the Church of Rome$92335240 997 $aUNISA LEADER 01306nam0 2200361 i 450 001 RMG0027935 005 20251003044337.0 010 $a8814070229 020 $aIT$b99-4013 100 $a20130827d1998 ||||0itac50 ba 101 | $aita 102 $ait 181 1$6z01$ai $bxxxe 182 1$6z01$an 200 1 $aˆIl ‰testamento$fa cura di Roberto Triola 210 $aMilano$cGiuffrè$d[1998! 215 $aXV, 477 p.$d25 cm. 225 | $aPratica giuridica$v16 410 0$1001CFI0019163$12001 $aPratica giuridica$v16 606 $aTestamento$2FIR$3CFIC012443$9I 676 $a346.05$9$v12 676 $a346.45054$9SUCCESSIONI TESTAMENTARIE. ITALIA$v21 676 $a346.45054$9DIRITTO PRIVATO. TESTAMENTO. ITALIA$v22 676 $a346.4505402648$9TESTAMENTO. ITALIA. GUIDA ALLA COMPRENSIONE DI LEGGI E REGOLAMENTI$v19 700 1$aTriola$b, Roberto$f <1939- >$3CFIV048333$4070$0149968 801 3$aIT$bIT-000000$c20130827 850 $aIT-BN0095 901 $bNAP 01$cD $n$ 912 $aRMG0027935 950 0$aBiblioteca Centralizzata di Ateneo$d 01D (AR) 23 893$e 01AR 0700238935 VMA A4 1 v.$fY $h19981109$i20181203 977 $a 01 996 $aTestamento$91539403 997 $aUNISANNIO